000
00277nam a2200085Ia 4500
008
220120s9999||||xx |||||||||||||| ||und||
100
_a
Naveen, Thimmaiah, Vignesh , Vikas R
_9
12775
245
0
_a
Traffic density monitoring system
260
_a
Coorg Institute of Technology
_b
Ponnampet
999
_c
138375
_d
138375